Language Quiz

Random Language or Numbers Quiz

Language by Numbers Quiz Stats

Quiz Updated Sep 5, 2013

Challenge
Share
Tweet
Embed
Score 0/55 Timer 07:00
4 Plays Today
% Correct
A
98.7%
I
96.2%
I
96.2%
English
93%
The
92.8%
When
92%
What
91.9%
Where
91.7%
Why
90.8%
Who
90.8%
French
89.7%
Spanish
87.2%
Alpha
83.8%
Nouns
81.9%
Verbs
81.5%
Angry
81.2%
Chinese
80.5%
Adjectives
77.8%
Netherlands
77.8%
Adverbs
76.9%
You
76.8%
Be
75.2%
Hungry
73.4%
Gamma
65.2%
And
64.4%
Delta
64.4%
Omega
62.9%
Russian
62.3%
% Correct
In
60.6%
Pronouns
58.9%
To
57.7%
To
57.7%
Arabic
52.3%
Theta
44.9%
Conjunctions
42.2%
Prepositions
41.7%
Belgium
41.4%
Kappa
39.2%
Of
37.7%
Silent
34.9%
Sigma
33.8%
Want
33%
See
31.4%
Here
31%
Come
29.4%
Watson
27.2%
Tinsel
25.5%
Enlist
25.3%
Have
23.1%
Mr
22.2%
Interjections
19.3%
That
18%
Suriname
15.2%
Non!
9.1%
Inlets
7.1%

You're not logged in!

Compare scores with friends on all Sporcle quizzes.
Join for Free
OR
Log In

You Might Also Like...

Show Comments

Extras

Top Quizzes Today


Score Distribution

Your Account Isn't Verified!

In order to create a playlist on Sporcle, you need to verify the email address you used during registration. Go to your Sporcle Settings to finish the process.

Report this User

Report this user for behavior that violates our Community Guidelines.

Details: